=LDR 00000nam 2200000 4500 =001 INLIS000000000023259 =005 20130612121931 =008 ***********************************Ind** =035 ##$$0010-061300000023259 =041 ##$$a Ind =082 ##$$a 415 =090 ##$$a 415, Eff p =100 ##$$a Effendi, S =245 ##$$a Panduan berbahasa indonesia dengan baik dan benar, S.Effendi =260 ##$$a 1995 $b Bandung =300 ##$$a viii, 296 hlm, 21 cm =650 ##$$a Bahasa Indonesia =850 ##$$a NBPNMAT =990 ##$$a 0001/BPAP-NTB/20142014 =990 ##$$a 2090100945/BPAP-NTB/2015 =990 ##$$a 0001/BPAP-NTB/2015